Harry Potter; First hundred words of the second book - Statistics

General Stats
  • This quiz has been taken 128 times
  • The average score is 48 of 100
Answer Stats
Order Word % Correct
60 Harry
98%
32 | 92 a
96%
3 | 25 | 29 | 48 the
92%
77 | 86 I
91%
45 | 68 he
83%
6 an
79%
19 | 91 Vernon
77%
24 in
75%
20 Dursley
71%
13 | 83 at
69%
58 | 64 | 72 to
68%
81 her
66%
85 Do
62%
80 let
62%
1 Not
62%
37 | 99 his
61%
55 owl
61%
51 you
61%
8 | 21 had
60%
90 Uncle
59%
17 Drive
58%
2 for
57%
16 Privet
57%
40 room
56%
54 that
56%
4 first
55%
28 | 94 of
55%
15 four
54%
10 | 82 out
54%
5 | 42 time
54%
78 could
52%
50 | 76 If
52%
59 go
51%
84 night
51%
14 number
48%
31 by
47%
36 | 98 from
47%
69 said
47%
57 have
46%
87 look
46%
18 Mr
45%
43 this
43%
79 just
41%
30 morning
38%
33 loud
36%
22 been
34%
12 breakfast
34%
35 noise
34%
52 can't
33%
11 over
32%
23 woken
32%
7 argument
29%
26 early
29%
9 broken
28%
27 hours
27%
38 nephew
27%
88 stupid
26%
63 again
24%
67 bored
24%
53 control
24%
66 | 70 She's
24%
73 flying
22%
39 Harry's
22%
62 yet
22%
74 around
21%
96 egg
21%
61 tried
21%
71 used
21%
56 it'll
20%
75 outside
20%
41 Third
20%
93 bit
19%
44 week
19%
95 fried
18%
34 hooting
18%
49 table
18%
65 explain
16%
97 dangling
13%
46 roared
9%
47 across
8%
100 bushy
7%
89 snarled
6%
No matching quizzes found
Score Distribution
Percent of People with Each Score
Percentile by Number Answered
Your Score History
You have not taken this quiz